El fenómeno deportivo: estudios sociológicos en torno al deporte, la violencia y la civilización
Bewaard in:
| Hoofdauteur: | |
|---|---|
| Formaat: | Boek |
| Taal: | Spaans |
| Gepubliceerd in: |
Barcelona
Paidotribo
2003
|
| Editie: | 1a. ed |
| Onderwerpen: | |
| Tags: |
Voeg label toe
Geen labels, Wees de eerste die dit record labelt!
|
MARC
| LEADER | 00000cam a2200000 a 4500 | ||
|---|---|---|---|
| 001 | UCG4565 | ||
| 003 | CL-VaPUC | ||
| 008 | 101111e20030000SP |||||||||||||||||spa|d | ||
| 020 | |a 8480197269 | ||
| 082 | 0 | 4 | |a 306.483 |b DUN |2 21 |
| 100 | 0 | |a Dunning, Eric |e author |9 553911 | |
| 245 | 1 | 3 | |a El fenómeno deportivo: estudios sociológicos en torno al deporte, la violencia y la civilización |
| 250 | |a 1a. ed | ||
| 300 | |a 325 p | ||
| 942 | |c BK | ||
| 945 | |d 20101111 00:00:00 |a mfarfan | ||
| 260 | |a Barcelona |b Paidotribo |c 2003 | ||
| 650 | 7 | |a DEPORTE |2 CL-VaPUC |9 553912 | |
| 650 | 0 | |a Sociología |9 255410 | |
| 650 | 0 | |a Fútbol |9 307513 | |
| 583 | |a last modification |c 20161229 06:32:11 |k Rodrigo Vera | ||
| 999 | |c 343263 |d 343261 | ||
| 952 | |0 0 |1 0 |4 0 |6 306_483000000000000_DUN_2003 |7 0 |8 A |9 440428 |a BIBEDU |b BIBEDU |d 2019-11-22 |i 4732758 |o 306.483 DUN 2003 |p 4732758 |r 2019-11-22 |w 2019-11-22 |y BK |k EFI | ||
| 952 | |0 0 |1 0 |3 erb |4 0 |6 306_483000000000000_DUN_2003 |7 0 |8 A |9 440429 |a BIBEDU |b BIBEDU |i 5358418 |o 306.483 DUN 2003 |p 5358418 |r 2019-11-22 |w 2019-11-22 |y BK |z Catalogado en:20161230 |k EFI | ||